000 00296nam a22001337a 4500
008 171005b xxu||||| |||| 00| 0 eng d
020 _a083857999-X
041 _aeng
080 _a519.9
100 _a49
101 _aPSI
245 _aPSYCHIATRIC EMERGENCIES
_cURBAITIS,J,CH
942 _2udc
_cBK
999 _c31976
_d31976